| 000 | 004450000a22001810004500 | ||
|---|---|---|---|
| 003 | LK-CoMWRAF | ||
| 008 | 230817t ||||| |||| 00| 0 eng d | ||
| 020 | _a | ||
| 040 |
_aLK-CoMWRAF _dLK-CoMWRAF _eLK-CoMWRAF |
||
| 041 | _aeng | ||
| 082 |
_a025 _bILA |
||
| 100 | _aIlankeeran, Subair | ||
| 245 |
_aDhesia Ilakkiyamum Marabup Poruthamum _b |
||
| 260 |
_aChennai _Surya Achagam _c1993 |
||
| 300 | _ap.152 | ||
| 650 | _aLiterature | ||
| 942 | _cBK | ||
| 999 |
_c2698 _d2698 |
||